Middle-East Countries by population Quiz Stats

Quiz not verified by Sporcle

Also try: Tanzania's Borders
Challenge
Share
Tweet
Embed
Score 0/15 Timer 03:00
0 Plays Today
Population Country % Correct
Population: 84,605,000Egypt
94.4%
Population: 35,404,000Iraq
94.4%
Population: 30,193,000Saudi Arabia
93.3%
Population: 76,420,000Iran
90%
Population: 22,169,000Syria
87.6%
Population: 25,252,000Yemen
86.5%
Population: 7,908,000Israel
83.1%
Population: 6,517,000Jordan
82%
Population Country % Correct
Population: 8,659,000United Arab Emirates
78.7%
Population: 3,942,000Oman
71.9%
Population: 1,546,000Bahrain
71.9%
Population: 4,127,000Lebanon
69.7%
Population: 3,852,000Kuwait
68.5%
Population: 1,917,000Qatar
68.5%
Population: 4,421,000Palestine
62.9%

You're not logged in!

Compare scores with friends on all Sporcle quizzes.
Sign Up with Email
OR
Log In

You Might Also Like...

Show Comments

Extras

Top Quizzes Today


Score Distribution

Your Account Isn't Verified!

In order to create a playlist on Sporcle, you need to verify the email address you used during registration. Go to your Sporcle Settings to finish the process.